000 00568cam a22001814a 4500
020 _a0072345721 (acidfree paper)
040 _cDLC
082 0 0 _a549 HIL 2002 A032 Or.
100 1 _aHibbard, M. J.
245 1 0 _aMineralogy :
_ba geologist's point of view /
250 _a1st ed.
260 _aBoston :
_bMcGraw-Hill,
_cc2002.
300 _axiv, 562 p. :
_bill. (some col.) ;
_c29 cm.
650 0 _aMineralogy.
856 4 2 _uhttp://www.loc.gov/catdir/description/mh021/2001044671.html
856 4 1 _uhttp://www.loc.gov/catdir/toc/mh021/2001044671.html
942 _cEK
999 _c11839
_d11839